Epos : word, narrative, and the Iliad /

Bibliographic Details
Main Author: Lynn-George, Michael, 1953-
Format: Book
Language:English
Published: Atlantic Highlands, NJ : Humanities Press International, 1988.
Subjects:

MARC

Tag First Indicator Second Indicator Subfields
LEADER 00000cam a2200000 a 4500
001 in00000032972
005 20180510145400.0
008 870306s1988 nju b 00110 eng
010 |a  87002945  
020 |a 039103541X 
035 |a (OCoLC)15415028 
035 |9 AAB7151AM 
040 |a DLC  |c DLC  |d TXA  |d UtOrBLW 
049 |a TXAM  |c [A11645470] 
050 0 0 |a PA4037  |b .L96 1988 
082 0 |a 883/.01  |2 19 
100 1 |a Lynn-George, Michael,  |d 1953- 
245 1 0 |a Epos :  |b word, narrative, and the Iliad /  |c Michael Lynn-George. 
264 1 |a Atlantic Highlands, NJ :  |b Humanities Press International,  |c 1988. 
300 |a xii, 302 pages ;  |c 23 cm. 
336 |a text  |b txt  |2 rdacontent 
337 |a unmediated  |b n  |2 rdamedia 
338 |a volume  |b nc  |2 rdacarrier 
504 |a Bibliography: 290-292. 
500 |a Includes indexes. 
600 0 0 |a Homer.  |t Iliad. 
600 0 0 |a Achilles  |c (Mythological character)  |x In literature. 
650 0 |a Epic poetry, Greek  |x History and criticism. 
650 0 |a Narration (Rhetoric) 
650 0 |a Trojan War  |x Literature and the war. 
999 |a MARS 
999 f f |s c82d0c02-934a-3441-822a-e7656c0d1de9  |i 011768dc-2c0a-3a25-b22e-0e9c99829611  |t 0 
952 f f |p ric  |a Texas A&M University  |b Rellis Campus  |c Joint Library Facility  |s JLF  |d Remote Storage  |t 0  |e PA4037 .L96 1988  |h Library of Congress classification  |i unmediated -- volume  |m A14811645470 
998 f f |a PA4037 .L96 1988  |t 0  |l Remote Storage